[Event "Nova Scotia-ch"]
[Site "Halifax CAN"]
[Date "1996.01.21"]
[Round "5"]
[White "Kenney, David"]
[Black "Villeneuve, Robert"]
[Result "0-1"]
[WhiteElo "1870"]
[BlackElo "2185"]
[PlyCount "186"]
[EventDate "1996.01.19"]
[EventType "swiss"]
[EventRounds "5"]
[EventCountry "CAN"]

1. c4 e6 2. Nf3 d5 3. g3 c6 4. b3 b5 5. cxb5 cxb5 6. Bb2 Nf6 7. Bg2 Bd6 8. O-O
O-O 9. d3 Nbd7 10. Nbd2 Bb7 11. Re1 e5 12. Rc1 Re8 13. e3 a5 14. h3 a4 15. Ra1
Qb6 16. a3 axb3 17. Nxb3 Ra4 18. Qd2 Rea8 19. Bf1 b4 20. Reb1 bxa3 21. Bc3 a2
22. Rb2 Bb4 23. Na5 Bxc3 24. Qxc3 Qxa5 25. Qxa5 R4xa5 26. Rxb7 Nc5 27. Rb2 Ra3
28. Nd2 d4 29. Nc4 Nb3 30. Nxa3 Nxa1 31. Rxa2 Nb3 32. Rc2 Kf8 33. Nc4 dxe3 34.
fxe3 Nd7 35. Kf2 f6 36. Bg2 Rc8 37. Rb2 Nc1 38. Rd2 Ke7 39. Nb2 Rb8 40. Bf1 Nc5
41. Kf3 Ne6 42. h4 Nb3 43. Rf2 Rd8 44. Nc4 Ra8 45. Rb2 Nec5 46. Rc2 Ra1 47. Kf2
Ra7 48. Nd2 Nxd2 49. Rxd2 Rd7 50. Kg2 Ke6 51. Be2 Rd6 52. Rd1 Kd7 53. Kf3 f5
54. g4 fxg4+ 55. Kxg4 Rg6+ 56. Kf3 Rf6+ 57. Kg3 Ke6 58. Rc1 Kd6 59. Rf1 Rg6+
60. Kf3 Kd7 61. Rd1 Na4 62. Ra1 Nc5 63. h5 Rg5 64. Kf2 h6 65. Ra5 Kd6 66. Ra1
Ke7 67. Rg1 Rf5+ 68. Ke1 Ne6 69. Kd2 Rf2 70. Ke1 Rh2 71. Rf1 Nc5 72. Rg1 Kf8
73. Rf1+ Ke7 74. d4 Nd7 75. dxe5 Nxe5 76. Rf2 Rh3 77. e4 Rh1+ 78. Rf1 Rh4 79.
Rg1 Kf8 80. Rf1+ Kg8 81. Kd2 Rxe4 82. Bd1 Rb4 83. Kc3 Rb8 84. Bb3+ Kh8 85. Bd5
Nd7 86. Kd4 Nf6 87. Bf7 Rd8+ 88. Ke3 Rd7 89. Bg6 Kg8 90. Rb1 Rd8 91. Kf4 Kf8
92. Rb7 Rd7 93. Rxd7 Nxd7 0-1

[Event "Nova Scotia-ch"]
[Site "Halifax CAN"]
[Date "1996.01.21"]
[Round "5"]
[White "Mathers, Jim"]
[Black "Charlton, Glenn"]
[Result "1/2-1/2"]
[WhiteElo "2105"]
[BlackElo "2085"]
[PlyCount "42"]
[EventDate "1996.01.19"]
[EventType "swiss"]
[EventRounds "5"]
[EventCountry "CAN"]

1. e4 g6 2. d4 d6 3. Nc3 a6 4. g3 Bg7 5. Bg2 Nf6 6. Nge2 O-O 7. O-O Nc6 8. h3
e5 9. Be3 exd4 10. Nxd4 Bd7 11. Qd2 Re8 12. Rfe1 Na5 13. Bg5 c5 14. Nb3 Nc4 15.
Qf4 Nh5 16. Qh4 Bf6 17. Bxf6 Qxf6 18. Qxf6 Nxf6 19. Rab1 Bc6 20. Bf1 Ne5 21.
Bg2 Nc4 1/2-1/2

[Event "Nova Scotia-ch"]
[Site "Halifax CAN"]
[Date "1996.01.21"]
[Round "5"]
[White "Mayo, Alvah"]
[Black "Cosman, Tom"]
[Result "1-0"]
[WhiteElo "1875"]
[BlackElo "1865"]
[PlyCount "91"]
[EventDate "1996.01.19"]
[EventType "swiss"]
[EventRounds "5"]
[EventCountry "CAN"]

1. e4 c6 2. d4 d5 3. e5 Bf5 4. g4 Be4 5. f3 Bg6 6. h4 h6 7. h5 Bh7 8. Bd3 Bxd3
9. Qxd3 e6 10. f4 Nd7 11. Nf3 c5 12. c3 Qc7 13. Be3 Ne7 14. Na3 a6 15. Rc1 Nc6
16. Nc2 c4 17. Qe2 b5 18. Nh4 b4 19. O-O Be7 20. Ng2 g6 21. Qf3 a5 22. Bd2 Nb6
23. Nce3 Na7 24. f5 gxf5 25. gxf5 O-O-O 26. Ng4 Bg5 27. Bxg5 hxg5 28. h6 Qe7
29. Qh3 Nd7 30. Qh5 Rdf8 31. f6 Qe8 32. h7 Nc6 33. Rf3 Kb7 34. Rh3 Nd8 35. Qxg5
Kc6 36. N2e3 Kb7 37. Qf4 Nc6 38. Qf3 Nb6 39. Rc2 Kc7 40. Rg2 Na4 41. Nd1 Nd8
42. Nge3 Nb6 43. Rg7 Kb8 44. Rhg3 Na8 45. Qg2 Nc7 46. Rg8 1-0

[Event "Nova Scotia-ch"]
[Site "Halifax CAN"]
[Date "1996.01.21"]
[Round "5"]
[White "Urquhart, Eddie"]
[Black "Pentz, Brian"]
[Result "1-0"]
[WhiteElo "2135"]
[BlackElo "2005"]
[PlyCount "63"]
[EventDate "1996.01.19"]
[EventType "swiss"]
[EventRounds "5"]
[EventCountry "CAN"]

1. e4 d6 2. d4 Nf6 3. Nc3 g6 4. Bg5 Bg7 5. Qd2 O-O 6. O-O-O c6 7. Bh6 b5 8.
Bxg7 Kxg7 9. Bd3 b4 10. Nce2 a5 11. f4 Ba6 12. Ng3 Qd7 13. Bxa6 Nxa6 14. f5 c5
15. e5 Ng8 16. h4 cxd4 17. f6+ exf6 18. exf6+ Nxf6 19. h5 d5 20. Qg5 Qe6 21.
Kb1 Qg4 22. Qxg4 Nxg4 23. Nh3 Rad8 24. Rxd4 Nf6 25. Rf4 Rd6 26. Rhf1 h6 27.
hxg6 fxg6 28. Re1 Ne4 29. Nxe4 Re6 30. Rxf8 Kxf8 31. Rf1+ Kg7 32. Nef2 1-0

[Event "Nova Scotia-ch"]
[Site "Halifax CAN"]
[Date "1996.01.21"]
[Round "5"]
[White "Wysocki, Antoni"]
[Black "Brennan, James"]
[Result "1/2-1/2"]
[WhiteElo "2040"]
[BlackElo "1810"]
[PlyCount "37"]
[EventDate "1996.01.19"]
[EventType "swiss"]
[EventRounds "5"]
[EventCountry "CAN"]

1. d4 Nf6 2. c4 e6 3. Nf3 b6 4. Nc3 Bb7 5. a3 d5 6. Bg5 Be7 7. e3 O-O 8. Bxf6
Bxf6 9. cxd5 exd5 10. b4 Nd7 11. Qb3 c6 12. Bd3 Re8 13. O-O Nf8 14. Rac1 b5 15.
Ne2 Qd6 16. Nf4 g6 17. Qc3 Nd7 18. Nd2 Nb6 19. Nb3 1/2-1/2

[Event "Ontario ch (1995)"]
[Site "Toronto CAN"]
[Date "1996.??.??"]
[Round "1"]
[White "Beckwith, Paul"]
[Black "Findlay, Ian"]
[Result "1-0"]
[WhiteElo "2280"]
[BlackElo "2345"]
[PlyCount "73"]
[EventDate "1996.01.??"]
[EventType "tourn"]
[EventRounds "9"]
[EventCountry "CAN"]
[EventCategory "3"]

1. e4 c5 2. Ne2 Nf6 3. e5 Nd5 4. Nbc3 e6 5. Nxd5 exd5 6. d4 d6 7. Nf4 dxe5 8.
dxe5 Be6 9. c4 d4 10. Nxe6 fxe6 11. Bd3 Nc6 12. Qh5+ Kd7 13. O-O Be7 14. f4 g6
15. Qh3 Qg8 16. Bd2 Kc7 17. a3 a5 18. b3 Ra6 19. Kh1 Qf7 20. Rab1 Rha8 21. g4
Qg7 22. Rbe1 Rb6 23. f5 exf5 24. gxf5 gxf5 25. Bxf5 Rf8 26. Bh6 Qh8 27. Bxf8
Qxf8 28. Bc2 Qg7 29. Rg1 Qh8 30. Qe6 d3 31. Bxd3 Qd8 32. Be4 Nd4 33. Qd5 Qf8
34. Ref1 Qh6 35. Rf7 Qh4 36. Qxc5+ Nc6 37. Bxc6 1-0

[Event "Ontario ch (1995)"]
[Site "Toronto CAN"]
[Date "1996.??.??"]
[Round "1"]
[White "Teodoro, Eduardo"]
[Black "Day, Lawrence"]
[Result "1-0"]
[WhiteElo "2265"]
[BlackElo "2400"]
[PlyCount "83"]
[EventDate "1996.01.??"]
[EventType "tourn"]
[EventRounds "9"]
[EventCountry "CAN"]
[EventCategory "3"]

1. e4 e5 2. Nf3 Nc6 3. Bb5 a6 4. Ba4 Nf6 5. O-O Be7 6. Re1 b5 7. Bb3 d6 8. c3
O-O 9. d4 Bg4 10. Be3 exd4 11. cxd4 Na5 12. Bc2 Nc4 13. Bc1 c5 14. Nbd2 Nxd2
15. Qxd2 Bxf3 16. gxf3 cxd4 17. Qxd4 Rc8 18. Bb3 Nh5 19. f4 Nf6 20. Kh1 d5 21.
e5 Bc5 22. Qd1 Ne4 23. Kg2 Nxf2 24. Qf3 Ne4 25. Rd1 Qb6 26. f5 Bd4 27. Bf4 Bxb2
28. Rab1 Bd4 29. Rbc1 Rc3 30. Rxc3 Nxc3 31. Rd3 Qc5 32. f6 Re8 33. Qg4 g6 34.
Qd7 Rf8 35. e6 Bxf6 36. Bd6 Qc8 37. Bxf8 Qxd7 38. exd7 Ne2 39. Bd6 d4 40. Kf1
Nc1 41. Rd1 Nxb3 42. axb3 1-0

[Event "Ontario ch (1995)"]
[Site "Toronto CAN"]
[Date "1996.??.??"]
[Round "2"]
[White "Campbell, Brett"]
[Black "Teodoro, Eduardo"]
[Result "0-1"]
[WhiteElo "2220"]
[BlackElo "2265"]
[PlyCount "71"]
[EventDate "1996.01.??"]
[EventType "tourn"]
[EventRounds "9"]
[EventCountry "CAN"]
[EventCategory "3"]

1. e4 c5 2. Nc3 b6 3. g3 Bb7 4. Bg2 g6 5. d3 Bg7 6. f4 Nc6 7. Nf3 e6 8. O-O
Nge7 9. Be3 d5 10. e5 O-O 11. Bf2 Kh8 12. Re1 a6 13. d4 cxd4 14. Nxd4 Nxd4 15.
Qxd4 b5 16. Qd2 Nc6 17. Ne2 g5 18. Nd4 gxf4 19. Nxc6 Bxc6 20. gxf4 Rc8 21. c3
Rg8 22. Bd4 Bh6 23. Qf2 Rg4 24. Re3 Bxf4 25. Rf3 Qg5 26. Kh1 Bxe5 27. Bh3 Re4
28. Rg1 Bxd4 29. cxd4 Qh6 30. Rxf7 Rg8 31. Rxg8+ Kxg8 32. Rc7 Be8 33. Qg3+ Qg6
34. Qxg6+ hxg6 35. Rc8 Kf8 36. Kg2 0-1

[Event "Ontario ch (1995)"]
[Site "Toronto CAN"]
[Date "1996.??.??"]
[Round "2"]
[White "Day, Lawrence"]
[Black "Peckford, William"]
[Result "1-0"]
[WhiteElo "2400"]
[BlackElo "2285"]
[PlyCount "103"]
[EventDate "1996.01.??"]
[EventType "tourn"]
[EventRounds "9"]
[EventCountry "CAN"]
[EventCategory "3"]

1. e4 b6 2. Nc3 e6 3. a3 Bb7 4. d4 c5 5. Nf3 cxd4 6. Nxd4 Nc6 7. Be3 Nf6 8. Nb3
Be7 9. f4 d6 10. Qf3 Qc7 11. O-O-O a6 12. Qh3 b5 13. Bd3 b4 14. Na4 bxa3 15.
Bb6 axb2+ 16. Kxb2 Qb8 17. Rhe1 Nd7 18. f5 e5 19. Bc4 Nb4 20. Ba5 Nc6 21. Bd2
Nd4 22. Ra1 Qc7 23. Qd3 Rc8 24. Na5 O-O 25. Ra2 Ba8 26. g4 Nf6 27. Nc3 Nb5 28.
g5 Nd7 29. g6 Nxc3 30. Qxc3 d5 31. exd5 Rb8+ 32. Kc1 Bb4 33. Qh3 Bxd2+ 34. Kxd2
h6 35. gxf7+ Rxf7 36. Kc1 Qd6 37. Rg1 Nf8 38. Qd3 Rc7 39. Rg4 Rb4 40. h3 Nh7
41. Bb3 e4 42. Rxe4 Rxe4 43. Qxe4 Nf6 44. Qe6+ Qxe6 45. dxe6 Be4 46. Nc4 Bxf5
47. Rxa6 Kf8 48. Ne5 Bxh3 49. Ng6+ Kg8 50. e7+ Kh7 51. Rxf6 Rxe7 52. Bg8+ 1-0

[Event "Ontario ch (1995)"]
[Site "Toronto CAN"]
[Date "1996.??.??"]
[Round "2"]
[White "Livshits, Ron"]
[Black "Dougherty, Michael"]
[Result "0-1"]
[WhiteElo "2420"]
[BlackElo "2235"]
[PlyCount "64"]
[EventDate "1996.01.??"]
[EventType "tourn"]
[EventRounds "9"]
[EventCountry "CAN"]
[EventCategory "3"]

1. d4 g6 2. e4 Bg7 3. c4 c5 4. d5 d6 5. Nc3 Nf6 6. f3 O-O 7. Bg5 h6 8. Be3 a6
9. Qd2 Kh7 10. Nge2 Nbd7 11. Nc1 Qa5 12. Be2 Ne5 13. a4 e6 14. Ra3 exd5 15.
cxd5 Bd7 16. O-O Rae8 17. Nd1 Qc7 18. b4 c4 19. Na2 Nh5 20. a5 f5 21. Bb6 Qc8
22. exf5 Bxf5 23. Nf2 Bd3 24. Bxd3 cxd3 25. Qd1 Nf4 26. Ne4 Nc4 27. Rb3 Rxe4
28. fxe4 Ne2+ 29. Kh1 Rxf1+ 30. Qxf1 Nd2 31. Qd1 Nxb3 32. Qxd3 Nec1 0-1

[Event "Ontario ch (1995)"]
[Site "Toronto CAN"]
[Date "1996.??.??"]
[Round "3"]
[White "Beckwith, Paul"]
[Black "Day, Lawrence"]
[Result "0-1"]
[WhiteElo "2280"]
[BlackElo "2400"]
[PlyCount "126"]
[EventDate "1996.01.??"]
[EventType "tourn"]
[EventRounds "9"]
[EventCountry "CAN"]
[EventCategory "3"]

1. e4 d6 2. d4 g6 3. f4 c6 4. Nf3 d5 5. Nbd2 Bg4 6. c3 e6 7. Qb3 Bxf3 8. Nxf3
Qc7 9. exd5 cxd5 10. Bb5+ Nc6 11. Ne5 Bg7 12. O-O Nge7 13. Be3 O-O 14. Rae1 Na5
15. Qa4 Rac8 16. Bd3 Nc4 17. Bc1 a6 18. Nxc4 dxc4 19. Bb1 Qd6 20. Qc2 Rfe8 21.
Kh1 h5 22. Qe4 b5 23. Qf3 f5 24. Re2 Nd5 25. Rfe1 Kf7 26. g3 a5 27. h3 Re7 28.
g4 hxg4 29. hxg4 Rh8+ 30. Rh2 Rxh2+ 31. Kxh2 Bh6 32. gxf5 exf5 33. Rxe7+ Kxe7
34. Kg3 Kf6 35. Bd2 a4 36. Bc2 Ke6 37. Qe2+ Kd7 38. Qe5 Qxe5 39. dxe5 Ke6 40.
Kf3 Bf8 41. Kg3 Ne7 42. Bd1 Nd5 43. Bc2 Kd7 44. Kh4 Bh6 45. Kg3 Ne7 46. Be3 Nc6
47. Kf3 Nd8 48. Bc1 Nf7 49. Be3 Ke6 50. b3 cxb3 51. axb3 a3 52. b4 g5 53. Bb3+
Ke7 54. Bc5+ Ke8 55. e6 g4+ 56. Kg3 Nh8 57. c4 Ng6 58. Bd6 bxc4 59. Bxc4 Bf8
60. Bxf8 Nxf8 61. b5 Ng6 62. b6 Kd8 63. b7 Kc7 0-1

[Event "Ontario ch (1995)"]
[Site "Toronto CAN"]
[Date "1996.??.??"]
[Round "3"]
[White "Dougherty, Michael"]
[Black "Findlay, Ian"]
[Result "1/2-1/2"]
[WhiteElo "2235"]
[BlackElo "2345"]
[PlyCount "67"]
[EventDate "1996.01.??"]
[EventType "tourn"]
[EventRounds "9"]
[EventCountry "CAN"]
[EventCategory "3"]

1. Nf3 d5 2. d4 e6 3. c4 Nf6 4. Nc3 Bb4 5. e3 c5 6. cxd5 Nxd5 7. Bd2 cxd4 8.
exd4 Nc6 9. Bd3 O-O 10. O-O Be7 11. Rc1 Nf6 12. Bg5 Nb4 13. Bb1 b6 14. a3 Nbd5
15. Qd3 g6 16. Ne5 Bb7 17. Bh6 Re8 18. Ba2 Rc8 19. Ne2 Qd6 20. Bc4 Rc7 21. Nc3
Nxc3 22. bxc3 Rec8 23. f3 Nd7 24. Nxd7 Rxc4 25. Ne5 Ra4 26. Rfe1 f6 27. Nxg6
Rxa3 28. d5 Rd8 29. Qe4 Bxd5 30. Qg4 Kf7 31. Ne5+ fxe5 32. Qh5+ Kg8 33. Qg4+
Kf7 34. Qh5+ 1/2-1/2

[Event "Ontario ch (1995)"]
[Site "Toronto CAN"]
[Date "1996.??.??"]
[Round "3"]
[White "Peckford, William"]
[Black "Campbell, Brett"]
[Result "1-0"]
[WhiteElo "2285"]
[BlackElo "2220"]
[PlyCount "67"]
[EventDate "1996.01.??"]
[EventType "tourn"]
[EventRounds "9"]
[EventCountry "CAN"]
[EventCategory "3"]

1. d4 Nf6 2. c4 g6 3. Nc3 d5 4. cxd5 Nxd5 5. e4 Nxc3 6. bxc3 c5 7. Bc4 Bg7 8.
Ne2 cxd4 9. cxd4 Nc6 10. Be3 O-O 11. O-O Na5 12. Bd3 Be6 13. Rc1 Bxa2 14. Qa4
Be6 15. d5 Bd7 16. Qb4 b6 17. Rfd1 Rc8 18. Ba6 Rxc1 19. Rxc1 e6 20. Nd4 exd5
21. exd5 Bxd4 22. Bxd4 Qg5 23. Bb2 Qxd5 24. Be2 f6 25. Bf3 Qf5 26. h3 Rf7 27.
Qd6 Kg7 28. Bd5 Qd3 29. Ba3 Bb5 30. Qe6 Qxa3 31. Qxf7+ Kh6 32. Re1 Qc5 33. Bf3
Qg5 34. Qf8# 1-0

[Event "Ontario ch (1995)"]
[Site "Toronto CAN"]
[Date "1996.??.??"]
[Round "3"]
[White "Teodoro, Eduardo"]
[Black "Livshits, Ron"]
[Result "0-1"]
[WhiteElo "2265"]
[BlackElo "2420"]
[PlyCount "114"]
[EventDate "1996.01.??"]
[EventType "tourn"]
[EventRounds "9"]
[EventCountry "CAN"]
[EventCategory "3"]

1. e4 c5 2. Nf3 Nc6 3. d4 cxd4 4. Nxd4 Qb6 5. Nb3 e6 6. Be3 Qc7 7. Nc3 Nf6 8.
a3 a6 9. Be2 d6 10. O-O Be7 11. f4 b5 12. Bf3 Bb7 13. Qe1 O-O 14. g4 Rfe8 15.
g5 Nd7 16. Bg2 b4 17. axb4 Nxb4 18. Qf2 Rab8 19. Ba7 Rbc8 20. Ra4 d5 21. e5 Bc6
22. Raa1 Nxc2 23. Rxa6 Qb7 24. Rxc6 Rxc6 25. Na5 Qxa7 26. Qxa7 Bc5+ 27. Kh1
Bxa7 28. Nxc6 Be3 29. Nb5 g6 30. Bh3 Kf8 31. Nd6 Ra8 32. f5 gxf5 33. Bxf5 Ra1
34. Rxa1 Nxa1 35. Bxh7 Bxg5 36. b4 Bf4 37. Nd8 Bxe5 38. N6xf7 Bc3 39. Ng5 e5
40. Nc6 Kg7 41. Bf5 Nb6 42. h4 Kf6 43. Bb1 Nb3 44. b5 Nd2 45. Bc2 e4 46. Nd8
Bd4 47. Nde6 Be3 48. Nc7 Ke5 49. Nf7+ Kf4 50. h5 Kg3 51. h6 Bd4 52. Nxd5 Nxd5
53. Bxe4 Nxe4 54. h7 Nf4 55. h8=Q Bxh8 56. Kg1 Bd4+ 57. Kf1 Bf2 0-1

[Event "Ontario ch (1995)"]
[Site "Toronto CAN"]
[Date "1996.??.??"]
[Round "4"]
[White "Campbell, Brett"]
[Black "Beckwith, Paul"]
[Result "1-0"]
[WhiteElo "2220"]
[BlackElo "2280"]
[PlyCount "61"]
[EventDate "1996.01.??"]
[EventType "tourn"]
[EventRounds "9"]
[EventCountry "CAN"]
[EventCategory "3"]

1. e4 c5 2. Nc3 e6 3. Nf3 a6 4. a4 Nc6 5. Be2 d5 6. exd5 exd5 7. d4 Be6 8. O-O
Bd6 9. dxc5 Bxc5 10. Bf4 Nf6 11. Bd3 h6 12. h3 g5 13. Bh2 g4 14. hxg4 Nxg4 15.
Bg3 Qd7 16. Ne2 O-O-O 17. c3 Bd6 18. Nf4 Rdg8 19. Qe2 h5 20. Nh4 Nge5 21. b4
Nxd3 22. Qxd3 Rg5 23. b5 Ne5 24. Qd4 a5 25. Nxd5 Bxd5 26. Qxd5 Qc7 27. Rad1 Rd8
28. Qe4 Rg4 29. Qf5+ Kb8 30. Rxd6 Rxg3 31. Rxd8+ 1-0

[Event "Ontario ch (1995)"]
[Site "Toronto CAN"]
[Date "1996.??.??"]
[Round "4"]
[White "Livshits, Ron"]
[Black "Findlay, Ian"]
[Result "1-0"]
[WhiteElo "2420"]
[BlackElo "2345"]
[PlyCount "109"]
[EventDate "1996.01.??"]
[EventType "tourn"]
[EventRounds "9"]
[EventCountry "CAN"]
[EventCategory "3"]

1. d4 d5 2. c4 e6 3. Nc3 Nf6 4. Bg5 Be7 5. e3 h6 6. Bxf6 Bxf6 7. Rc1 O-O 8. Nf3
Nc6 9. a3 Re8 10. Be2 a6 11. O-O dxc4 12. Bxc4 b6 13. b4 Bb7 14. Qb3 Qe7 15.
Rfd1 Rad8 16. Be2 e5 17. d5 Na7 18. Nd2 c6 19. dxc6 Nxc6 20. Nde4 Nd4 21. exd4
exd4 22. Bf3 dxc3 23. Nxf6+ gxf6 24. Rxd8 Rxd8 25. Bxb7 Qxb7 26. Qxc3 Qd5 27.
h4 Kg7 28. Qg3+ Kh7 29. Qf4 Rg8 30. g3 Kg7 31. Qg4+ Kh7 32. Qf4 Kg7 33. Qe3 Qd6
34. Qf3 Re8 35. Kg2 Qd4 36. Rc7 a5 37. Qb7 Qe4+ 38. Kh2 Qxb7 39. Rxb7 axb4 40.
axb4 Re6 41. Kh3 h5 42. Kg2 Kg6 43. Kf3 Kg7 44. Rc7 Kg6 45. Rb7 Kg7 46. Rd7 Kg6
47. Rd4 Rc6 48. Ke3 Kf5 49. Kd3 Ke5 50. Rd8 Rd6+ 51. Rxd6 Kxd6 52. Ke4 Ke6 53.
b5 Kd6 54. Kf5 Kc5 55. g4 1-0

[Event "Ontario ch (1995)"]
[Site "Toronto CAN"]
[Date "1996.??.??"]
[Round "4"]
[White "Teodoro, Eduardo"]
[Black "Peckford, William"]
[Result "1-0"]
[WhiteElo "2265"]
[BlackElo "2285"]
[PlyCount "53"]
[EventDate "1996.01.??"]
[EventType "tourn"]
[EventRounds "9"]
[EventCountry "CAN"]
[EventCategory "3"]

1. e4 c5 2. Nf3 d6 3. d4 cxd4 4. Nxd4 Nf6 5. Nc3 g6 6. Be3 Bg7 7. f3 O-O 8. Qd2
Nc6 9. Bc4 Bd7 10. Nxc6 bxc6 11. Rd1 Qb8 12. Bb3 Be6 13. O-O d5 14. Qe2 Rd8 15.
Bc5 Qc7 16. Kh1 d4 17. Bxd4 Rxd4 18. Rxd4 Bxb3 19. axb3 Ng4 20. fxg4 Bxd4 21.
Qc4 e5 22. Nd5 Qb7 23. Nf6+ Kg7 24. g5 Bxb2 25. Qd3 Rh8 26. Qd6 Qb8 27. Nh5+
1-0

[Event "Ontario ch (1995)"]
[Site "Toronto CAN"]
[Date "1996.??.??"]
[Round "5"]
[White "Beckwith, Paul"]
[Black "Teodoro, Eduardo"]
[Result "1-0"]
[WhiteElo "2280"]
[BlackElo "2265"]
[PlyCount "75"]
[EventDate "1996.01.??"]
[EventType "tourn"]
[EventRounds "9"]
[EventCountry "CAN"]
[EventCategory "3"]

1. e4 c5 2. Ne2 e6 3. c4 g6 4. d4 Bg7 5. Nbc3 cxd4 6. Nxd4 a6 7. Be3 Nc6 8. Be2
Nge7 9. O-O O-O 10. c5 b5 11. cxb6 Qxb6 12. Nxe6 Qxb2 13. Nxf8 Bxc3 14. Rb1
Qxa2 15. Rc1 Bb2 16. Rc2 Kxf8 17. Bc5 Rb8 18. Bc4 Qa5 19. Qd5 Ke8 20. Qxf7+ Kd8
21. Bxe7+ Nxe7 22. Qf8+ Kc7 23. Qxe7 Bc3 24. Rfc1 Bd2 25. Bxa6+ Kb6 26. Qd6+
Ka7 27. Qd4+ Kxa6 28. Ra1 Bb4 29. Rxa5+ Bxa5 30. Qc4+ Ka7 31. g3 Ba6 32. Qd4+
Bb6 33. Qxd7+ Rb7 34. Qc6 Rf7 35. Ra2 Rc7 36. Qa4 Rc1+ 37. Kg2 Kb7 38. Qxa6+
1-0

[Event "Ontario ch (1995)"]
[Site "Toronto CAN"]
[Date "1996.??.??"]
[Round "5"]
[White "Dougherty, Michael"]
[Black "Day, Lawrence"]
[Result "1-0"]
[WhiteElo "2235"]
[BlackElo "2400"]
[PlyCount "83"]
[EventDate "1996.01.??"]
[EventType "tourn"]
[EventRounds "9"]
[EventCountry "CAN"]
[EventCategory "3"]

1. e4 c5 2. Nf3 Nc6 3. d4 cxd4 4. Nxd4 g6 5. Be3 Nf6 6. Nc3 d5 7. exd5 Nxd5 8.
Nxd5 Qxd5 9. Nxc6 Qxc6 10. Qd4 f6 11. O-O-O Be6 12. Bd3 Bg7 13. Be4 Qa6 14. Bd5
Rd8 15. Bxb7 Qxb7 16. Qxd8+ Kf7 17. Qa5 Qxg2 18. Rhe1 Rc8 19. Bxa7 Qc6 20. c3
Bh6+ 21. Kb1 Ra8 22. Rd4 Qb7 23. Ra4 Bf5+ 24. Ka1 Bd2 25. Rg1 h5 26. Qc5 Bc2
27. Ra5 Rd8 28. Qc4+ Kg7 29. Bd4 Qe4 30. Ra7 Bf4 31. Qb4 Bd6 32. Bc5 Bxc5 33.
Qxc5 Kf8 34. b4 Rd2 35. Qc8+ Kg7 36. Ra8 g5 37. Qg8+ Kh6 38. Qf7 g4 39. Rh8+
Kg5 40. Rxh5+ Kf4 41. Qg7 f5 42. Qh6+ 1-0

[Event "Ontario ch (1995)"]
[Site "Toronto CAN"]
[Date "1996.??.??"]
[Round "5"]
[White "Peckford, William"]
[Black "Livshits, Ron"]
[Result "1/2-1/2"]
[WhiteElo "2285"]
[BlackElo "2420"]
[PlyCount "36"]
[EventDate "1996.01.??"]
[EventType "tourn"]
[EventRounds "9"]
[EventCountry "CAN"]
[EventCategory "3"]

1. d4 d5 2. c4 c6 3. Nc3 Nf6 4. Nf3 a6 5. a4 e6 6. e3 Bb4 7. Bd3 O-O 8. O-O
Nbd7 9. Qc2 h6 10. b3 Qe7 11. Bb2 b6 12. e4 dxe4 13. Nxe4 Bb7 14. Nxf6+ Nxf6
15. Qe2 Rfe8 16. Rad1 Bd6 17. Ne5 c5 18. Bc2 Rad8 1/2-1/2

[Event "Ontario ch (1995)"]
[Site "Toronto CAN"]
[Date "1996.??.??"]
[Round "6"]
[White "Campbell, Brett"]
[Black "Dougherty, Michael"]
[Result "0-1"]
[WhiteElo "2220"]
[BlackElo "2235"]
[PlyCount "86"]
[EventDate "1996.01.??"]
[EventType "tourn"]
[EventRounds "9"]
[EventCountry "CAN"]
[EventCategory "3"]

1. e4 c5 2. Nc3 e6 3. f4 a6 4. Nf3 d5 5. e5 Nc6 6. d3 b6 7. g3 Bb7 8. Bh3 Nge7
9. O-O h5 10. Ng5 Nd4 11. Be3 Ndf5 12. Bf2 g6 13. Bg2 Bh6 14. Nf3 Qc7 15. h3
O-O-O 16. Qd2 d4 17. Ne4 Nd5 18. Rfe1 h4 19. Nd6+ Rxd6 20. exd6 Qxd6 21. Nxh4
Nxh4 22. gxh4 Nxf4 23. Bxb7+ Kxb7 24. Bg3 Nxh3+ 25. Kh2 Qxg3+ 26. Kxg3 Bxd2 27.
Re2 Be3 28. Kxh3 g5 29. Rh1 Rxh4+ 30. Kg2 Rg4+ 31. Kf3 Rf4+ 32. Kg3 Kc6 33. a4
f5 34. Rh8 Rf1 35. Rc8+ Kd5 36. Rd8+ Ke5 37. Rb8 g4 38. Rxb6 Rg1+ 39. Kh2 g3+
40. Kh3 Kf4 41. Rxe6 Kf3 42. Rh2 gxh2 43. Kxh2 Rg7 0-1

[Event "Ontario ch (1995)"]
[Site "Toronto CAN"]
[Date "1996.??.??"]
[Round "6"]
[White "Day, Lawrence"]
[Black "Findlay, Ian"]
[Result "0-1"]
[WhiteElo "2400"]
[BlackElo "2345"]
[PlyCount "59"]
[EventDate "1996.01.??"]
[EventType "tourn"]
[EventRounds "9"]
[EventCountry "CAN"]
[EventCategory "3"]

1. Nf3 d5 2. d4 e6 3. g3 Nf6 4. Bg2 Be7 5. O-O O-O 6. c4 dxc4 7. Qc2 a6 8. Nbd2
b5 9. Ng5 c6 10. b3 cxb3 11. Nxb3 a5 12. Rd1 Bd7 13. Nc5 Be8 14. e4 Nfd7 15. h4
h6 16. Nf3 Na6 17. Nxa6 Rxa6 18. e5 c5 19. a4 b4 20. Qe2 Qc8 21. Bf1 Ra7 22.
Be3 Rc7 23. Nd2 cxd4 24. Bxd4 Nc5 25. Bxc5 Rxc5 26. Nb3 Rc3 27. Rdc1 Bc6 28.
Nxa5 Bd5 29. Rxc3 Qxc3 30. Qe1 0-1

[Event "Ontario ch (1995)"]
[Site "Toronto CAN"]
[Date "1996.??.??"]
[Round "6"]
[White "Peckford, William"]
[Black "Beckwith, Paul"]
[Result "1-0"]
[WhiteElo "2285"]
[BlackElo "2280"]
[PlyCount "81"]
[EventDate "1996.01.??"]
[EventType "tourn"]
[EventRounds "9"]
[EventCountry "CAN"]
[EventCategory "3"]

1. d4 c5 2. d5 e5 3. e4 d6 4. Bb5+ Nd7 5. a4 a6 6. Be2 g6 7. Nf3 Bh6 8. Nfd2
Qe7 9. Nc3 b6 10. O-O Ngf6 11. Nc4 Bxc1 12. Qxc1 O-O 13. Qg5 Nxd5 14. Qxe7 Nxe7
15. Nxd6 Nc6 16. Bg4 Rd8 17. Nd5 Kf8 18. Nxc8 Raxc8 19. Bxd7 Rxd7 20. Nxb6 Rcc7
21. Nxd7+ Rxd7 22. Rfd1 Rb7 23. Rd6 Nb4 24. Rd2 Ke7 25. g3 f6 26. Kg2 c4 27. h4
h5 28. Rad1 Rc7 29. Kf1 Rb7 30. Ra1 Nc6 31. c3 Na5 32. Rad1 Nb3 33. Rd5 Rc7 34.
Rd8 Nc5 35. Rh8 Ke6 36. Rb8 Nxa4 37. Rb4 Nc5 38. Rxc4 a5 39. Rd5 Nxe4 40. Rxe5+
fxe5 41. Rxc7 1-0

[Event "Ontario ch (1995)"]
[Site "Toronto CAN"]
[Date "1996.??.??"]
[Round "7"]
[White "Beckwith, Paul"]
[Black "Livshits, Ron"]
[Result "1-0"]
[WhiteElo "2280"]
[BlackElo "2420"]
[PlyCount "75"]
[EventDate "1996.01.??"]
[EventType "tourn"]
[EventRounds "9"]
[EventCountry "CAN"]
[EventCategory "3"]

1. e4 c5 2. Ne2 e6 3. c4 d6 4. d4 cxd4 5. Nxd4 Nf6 6. Nc3 a6 7. Be3 Qc7 8. Be2
b6 9. Rc1 Bb7 10. f3 Be7 11. O-O O-O 12. Qd2 Nbd7 13. Rfd1 Rac8 14. Bf1 Qb8 15.
Qf2 Rfe8 16. b3 Bd8 17. Nde2 Bc6 18. Nd4 Ba8 19. Kh1 Be7 20. Qg3 Kh8 21. Bd3
Bf8 22. Qh3 Ne5 23. Bb1 Ned7 24. Bg5 Ng8 25. Nce2 Qc7 26. e5 g6 27. exd6 Bxd6
28. Bxg6 fxg6 29. Nxe6 Qb8 30. N2f4 Nf8 31. Nxf8 Bxf8 32. Nxg6+ Kg7 33. Nxf8
Kxf8 34. Rd7 Qe5 35. Bh6+ Nxh6 36. Qxh6+ Kg8 37. Qxh7+ Kf8 38. Qf7# 1-0

[Event "Ontario ch (1995)"]
[Site "Toronto CAN"]
[Date "1996.??.??"]
[Round "7"]
[White "Dougherty, Michael"]
[Black "Teodoro, Eduardo"]
[Result "1/2-1/2"]
[WhiteElo "2235"]
[BlackElo "2265"]
[PlyCount "86"]
[EventDate "1996.01.??"]
[EventType "tourn"]
[EventRounds "9"]
[EventCountry "CAN"]
[EventCategory "3"]

1. e4 c5 2. f4 b6 3. Nf3 Bb7 4. Nc3 a6 5. d4 cxd4 6. Nxd4 e6 7. Bd3 Nc6 8. Nf3
Qc7 9. O-O Bc5+ 10. Kh1 b5 11. Qe2 d6 12. Be3 Nge7 13. Rad1 Qb6 14. Bc1 Nd4 15.
Nxd4 Bxd4 16. Nb1 Bc5 17. c3 Qc7 18. Nd2 Bb6 19. Nf3 h6 20. e5 d5 21. f5 Nxf5
22. Bxf5 exf5 23. Nd4 Bxd4 24. cxd4 Bc8 25. b3 Be6 26. Ba3 Kd7 27. Rc1 Qb7 28.
Qd2 a5 29. Bd6 Rhc8 30. Rxc8 Rxc8 31. Qxa5 Rc2 32. Bc5 Ke8 33. h3 Bc8 34. Re1
f4 35. Rf1 g5 36. Qe1 Qd7 37. Qd1 Qf5 38. a4 Rc3 39. Rf3 Rxf3 40. Qxf3 g4 41.
hxg4 Qxg4 42. Qxd5 Qd1+ 43. Kh2 Qh5+ 1/2-1/2